000 01243cam a2200277 4500
001
008 020128n2002 000 0 eng u
020 _a0787958921
035 _a(Sirsi) u116487
041 _aeng.
050 _a658.404
100 _aDavidson Frame, J.
245 4 _aThe new project management : tools for an age of rapid change, complexity, and other business realities
250 _a2nd ed.
260 _aSan Francisco
_bWiley
_c2002
300 _axxi,360p.
_c24cm.
350 _a29.95
490 _aThe Jossey-Bass Business & Management Series
520 _aLooks at the core competencies required for managerial success in today's corporate climate where downsizing, outsourcing and employee empowerment are a way of life. Among the issues addressed are risk management, estimating, ensuring customer satisfaction, managing contractors, managing managers, building team spirit and accelerating schedules. The text is aimed at people working in a broad range of fields who find themselves struggling to manage projects in a chaotic world.
650 _aMANAGEMENT
650 _aRISK MANAGEMENT
650 _aOUTSOURCING
650 _aPROJECT MANAGERS
690 _aProject management
_96261
942 _n0
999 _c101869
_d101869